| 000 | 00937cam a2200301 i 4500 | ||
|---|---|---|---|
| 001 | 200466661 | ||
| 003 | TR-AnTOB | ||
| 005 | 20251224153053.0 | ||
| 007 | ta | ||
| 008 | 250819s2024 tu 000 0 tur | ||
| 020 | _a9786257196154 | ||
| 040 |
_aGAZIU _beng _erda _cTR-AnTOB |
||
| 041 | 0 | _atur | |
| 050 | 1 | 4 |
_aTL527.T9 _b.K5554 |
| 090 |
_aTL527.T9 _b.K5554 |
||
| 100 | 1 |
_aKılıç, Mustafa, _d1959- _eauthor _995321 |
|
| 245 | 1 | 0 |
_aKüçük zabit makinistler gedikli uçmanlar astsubay pilotlar / _cMustafa Kılıç. |
| 264 | 1 |
_a[Ankara] : _bSalMat Basım, _c[date of publication not identified]. |
|
| 300 |
_a192 pages ; _c21 cm |
||
| 336 |
_atext _btxt _2rdacontent |
||
| 337 |
_aunmediated _bn _2rdamedia |
||
| 338 |
_avolume _bnc _2rdacarrier |
||
| 504 | _aBIBINDX | ||
| 650 | 7 |
_aAskeri tarih _2etuturkob _970538 |
|
| 650 | 7 |
_aHavacılık _zTürkiye _xTarih _2etuturkob _987874 |
|
| 942 |
_2lcc _cBK |
||
| 999 |
_c200466661 _d84873 |
||